Statistics for Places of Worship

Click here to take the quiz!

General Stats

  • This quiz has been taken 533 times
  • The average score is 6 of 16

Answer Stats

Description Answer % Correct
ChristianChurch
99%
Jewish, Mormon, and moreTemple
89%
IslamicMosque
88%
CatholicCathedral
68%
JewishSynagogue
68%
Smaller version of aboveChapel
67%
Catholic or Buddhist siteShrine
26%
CatholicBasilica
24%
Quaker, MormonMeeting House
19%
Scottish place of worshipKirk
17%
Jehovah's WitnessesKingdom Hall
17%
SikhGurdwara
10%
Catholic outdoor 'niche'Grotto
9%
TaoistDaoguan
1%
Islamic - more informalMusalia
0%
Buddhist (includes a stupa)Chaitya
0%

Score Distribution

Percentile by Number Answered

Percent of People with Each Score

Your Score History

You have not taken this quiz